000
00324nam a22001337a 4500
008
190205b xxu||||| |||| 00| 0 eng d
020
_a
0275227502
041
_a
eng
080
_a
316
100
_a
50
101
_a
SOC
245
_a
Power and Equity. An Introduction to Social Stratification
_c
McCord, W
942
_2
udc
_c
BK
999
_c
54000
_d
54000